<Die> reale Anpassung bei der Transformation einer Planwirtschaft

Salvato in:
Dettagli Bibliografici
Autore principale: Siebert, Horst
Natura: Libro
Lingua:tedesco
Pubblicazione: Kiel Institut für Weltwirtschaft 1992
Serie:Kieler Arbeitspapiere Nr. 500
Soggetti:
Tags: Aggiungi Tag
Nessun Tag, puoi essere il primo ad aggiungerne!!

MARC

LEADER 00000nam a2200000 4500
001 c100490
005 20221123101851.2
022 |a 0342-0787 
041 0 |a ger 
044 |a DE 
245 1 0 |a <Die> reale Anpassung bei der Transformation einer Planwirtschaft  |c von Horst Siebert 
264 1 |a Kiel  |b Institut für Weltwirtschaft  |c 1992 
300 |a 21 s. 
490 1 |a Kieler Arbeitspapiere  |v Nr. 500 
830 0 |a Kieler Arbeitspapiere  |v Nr. 500 
610 2 0 |a transformácia 
610 2 0 |a adaptácia 
610 2 0 |a hospodárstvo socialistické 
610 2 0 |a plánovanie hospodárske 
610 2 0 |a hospodárstvo trhové 
610 2 0 |a reformy hospodárske 
610 2 0 |a východná Európa 
610 2 0 |a obdobie prechodné 
100 1 |a Siebert, Horst